000 00533nam a2200181Ia 4500
999 _c21770
_d21770
003 OSt
005 20200201100952.0
008 190216s9999||||xx |||||||||||||| ||und||
020 _a8130702916
040 _coclc
082 _a934
_bRAY/P
100 _aRaychaudhuri, Hemachandra
_91731
245 0 _aPolitical History Of Ancient India /
_cHemachandra Raychaudhuri
260 _bCosmo Publications,
_c2006.
_aNew Delhi:
300 _a574p
650 _aHistory
942 _cBK
_2ddc
_h934
_iRAY/P
_k934
_mRAY/P